| 000 | 00716nam a22001577a 4500 | ||
|---|---|---|---|
| 003 | OSt | ||
| 005 | 20151209092142.0 | ||
| 008 | 151209b xxu||||| |||| 00| 0 eng d | ||
| 040 | _cRUA | ||
| 082 | _aATM SRE 2005 B193 Or.1 | ||
| 100 |
_94565 _aSREY, SARY. |
||
| 245 | _afisheries community establishing process in kampongreab village, prey kabas district, takeo province (ដំណើការរៀបចំសហគមន៍នេសាទរបស់ អង្គការអុកហ្វាម នៅភុមិកំពង់រាប ស្រុកព្រៃកប្បាស ខេត្តតាកែវ) | ||
| 260 |
_aPhnom Penh _bRUA _c2005 |
||
| 300 |
_avii, 41p. _bill. _c29cm. |
||
| 942 |
_2ddc _cATM |
||
| 999 |
_c4254 _d4254 |
||